000 01045cad a22001935a 4500
001 L157748
008 130425s2013 xxk f 000 0 eng d
035 _a(Sirsi) u157748
041 0 _aeng
110 2 _aShelter
_92788
245 0 4 _aLittle boxes, fewer homes
_bSetting housing space standards will get more homes built
_h[electronic resourcec]
260 _aLondon
_bShelter
_c2013
520 _aResearch notes that opposition to local house building can block the development of much needed new homes. Found that 44% of the public would be more likely to support new housing developments if the homes were larger even if it meant they take up more land. Points out that undersized homes are against international trends as UK's homes are the smallest in Western Europe.
590 _aKA
651 4 _aUnited Kingdom
690 _aPlanning and development
_96259
856 4 0 _uhttps://england.shelter.org.uk/__data/assets/pdf_file/0011/652736/Shelter_Little_Boxes_v4.pdf
_zView this item free of charge at england.shelter.org
942 _n0
999 _c114951
_d114951